Tilastot visalle Alankomaiden suurimmat kaupungit

Klikkaa tästä pelataksesi tätä visaa!

Yleistilastot

  • Tätä visaa on pelattu 181 kertaa
  • Keskiarvotulos 6 / 15

Vastaustilastot

VäkilukuProvinssiKunta% Oikein
810 909Pohjois-HollantiAmsterdam
100%
618 467Etelä-HollantiRotterdam
88%
508 592Etelä-HollantiHaag
82%
328 577UtrechtUtrecht
54%
220 782Pohjois-BrabantEindhoven
50%
198 108GroningenGroningen
46%
210 382Pohjois-BrabantTilburg
28%
168 499GelderlandNijmegen
27%
155 205Pohjois-HollantiHaarlem
24%
179 999Pohjois-BrabantBreda
23%
196 156FlevolandAlmere
21%
158 542OverijsselEnschede
21%
157 535GelderlandApeldoorn
20%
150 943UtrechtAmersfoort
19%
150 911Pohjois-HollantiZaanstad
13%

Tulosjakauma

Persentiili vastausten määrän mukaan

Jokaisen tuloksen saaneiden osuus

Tuloshistoriasi

Et ole pelannut tätä visaa